| 000 | 00553nam a2200217Ia 4500 | ||
|---|---|---|---|
| 003 | OSt | ||
| 005 | 20220924133957.0 | ||
| 006 | a|||||r|||| 00| 0 | ||
| 007 | ta | ||
| 008 | 220923b |||||||| |||| 00| 0 snd d | ||
| 024 | _a271412 | ||
| 037 | _cTextual | ||
| 040 |
_aARTS _cARTS _bsnd |
||
| 041 |
_2snd _asnd |
||
| 082 | _aO111,3L71,14, 1593[H0] | ||
| 100 |
_aLilaram _9207769 |
||
| 245 | 0 | _aSchun ai khodtiaun diliun | |
| 260 | _c1940 | ||
| 942 |
_hO111,3L71,14, 1593[H0] _cTEXL _2CC |
||
| 999 |
_c435906 _d435906 |
||